| 000 | 00535nam a2200193 a 4500 | ||
|---|---|---|---|
| 005 | 20240830063851.0 | ||
| 008 | 991125s1965 es 000 0 spa u | ||
| 035 | _aUPN01000009357 | ||
| 049 | _aI | ||
| 050 | 4 |
_aNC655 _bA7.3 1965 |
|
| 100 | 1 |
_aArestein, Jean _937086 |
|
| 245 | 1 | 0 |
_aCómo hacer dibujo de figura / _cJean Arestein. |
| 250 | _a3a ed. | ||
| 260 |
_aMadrid : _bSantillana, _c1965. |
||
| 300 |
_a98 p. : _bil. |
||
| 440 | 0 | _aEnciclopedia de las aficiones | |
| 650 | 4 |
_aDibujo _xEstudio y enseñanza _913 |
|
| 905 | _aInfantil | ||
| 999 |
_c9357 _d9357 |
||